000 00897nam a22002177a 4500
999 _c15640
_d15640
003 MIRAKIL
005 20240313133325.0
008 240313b tu ||||| |||| 00| 0 tur d
020 _a9789751752864
040 _aTR-AnCHP
_cTR-AnCHP
041 _atur
082 _a410.9
_bR73t 2022
100 _aRöhrborn, Klaus
245 1 0 _aTürk dil reformunda Avrupa dillerinin rolü :
_bInterlanguage angelichung der lexik: asperte der Europaiserung des Türkeitürkischen wortschatzes /
_cKlaus Röhrborn, çeviren: Şerife Özer.
260 _aAnkara :
_bTürk Dil Kurumu Yayınları,
_c2022.
300 _a264 s. ;
_c24 cm.
490 0 _aAtatürk Kültür, Dil ve Tarih Yüksek Kurumu Türk Dil Kurumu Yayınları ;
_v1506.
650 0 _97716
_aTürk dili
_vAvrupa Dilleri
_xEtkileşim
856 _zDijital Nüshası için Partimizin Kütüphane Sorumlusu ile iletişime geçiniz.
942 _2ddc
_cBKS